000 00382cam a2200157ua 4500
041 _aeng
_h
082 _a428.1
_bLEW/ST
100 _aLewis, C S .
245 _aStudies in words /
_cC S Lewis.
_hTextual Documents
250 _a2 /
_b.
260 _aCambridge :
_bCambridge University Press ,
_c1967.
300 _a342 ; .
504 _a
942 _cBK
999 _c11536
_d11536